The American revolution (1775-1783) / (Record no. 27857)
[ view plain ]
| 000 -LEADER | |
|---|---|
| fixed length control field | 00806nam a2200241 a 4500 |
| 001 - CONTROL NUMBER | |
| control field | 27857 |
| 003 - CONTROL NUMBER IDENTIFIER | |
| rucl marc code | BD-RjUL |
| 005 - DATE AND TIME OF LATEST TRANSACTION | |
| control field | 20211209051218.0 |
| 008 - FIXED-LENGTH DATA ELEMENTS--GENERAL INFORMATION | |
| fixed length control field | 140327r19671964enk 000 0 eng d |
| 035 ## - SYSTEM CONTROL NUMBER | |
| System control number | (BD-RjUL)27937 |
| 040 ## - CATALOGING SOURCE | |
| Original cataloging agency | DLC |
| Language of cataloging | eng |
| Transcribing agency | DLC |
| Modifying agency | BD-RjUL |
| 041 ## - LANGUAGE CODE | |
| Language code of text/sound track or separate title | eng |
| 082 00 - DEWEY DECIMAL CLASSIFICATION NUMBER | |
| Classification number | 973.3 |
| Author mark and year | CLA 1967 |
| 100 1# - MAIN ENTRY--PERSONAL NAME | |
| Personal name | Clarke, Clorinda. |
| 9 (RLIN) | 85485 |
| 245 14 - TITLE STATEMENT | |
| Title | The American revolution (1775-1783) / |
| Statement of responsibility, etc. | Clorinda Clarke ; illustrated from contemporary sources by H. Toothill and H.S. Whithorne. |
| 260 ## - PUBLICATION, DISTRIBUTION, ETC. (IMPRINT) | |
| Place of publication, distribution, etc. | London : |
| Name of publisher, distributor, etc. | Longmans, |
| Date of publication, distribution, etc. | c1964 [Impression 1967]. |
| 300 ## - PHYSICAL DESCRIPTION | |
| Pagination | 100 p. : |
| Illustrations | ill. ; |
| Size | 20 cm. |
| 651 #0 - SUBJECT ADDED ENTRY--GEOGRAPHIC NAME | |
| Geographic name | United States |
| General subdivision | History |
| Chronological subdivision | Revolution, 1775-1783. |
| 9 (RLIN) | 85486 |
| 700 1# - ADDED ENTRY--PERSONAL NAME | |
| Personal name | Toothill, Harry. |
| Personal name | Whithorne, H. S. |
| 830 #0 - SERIES ADDED ENTRY--UNIFORM TITLE | |
| Uniform title | Then and there series |
| 942 ## - ADDED ENTRY ELEMENTS (KOHA) | |
| Source of classification or shelving scheme | Dewey Decimal Classification |
| Koha item type | Books |
| Lost status | Source of classification or shelving scheme | Damaged status | Not for loan | Collection code | Permanent Location | Current Location | Shelving location | Date acquired | Source of acquisition | Cost, normal purchase price | Total Checkouts | Full call number | Date last seen | Copy number | Koha item type |
|---|---|---|---|---|---|---|---|---|---|---|---|---|---|---|---|
| Dewey Decimal Classification | Added to bundle | Non-fiction | Central Library, University of Rajshahi | Central Library, University of Rajshahi | Reading Room | 28/12/1968 | Zeitlinger | 5.00 | 973.3 CLA 1967 | 27/03/2014 | C-1 | Books | |||
| Dewey Decimal Classification | Non-fiction | Central Library, University of Rajshahi | Central Library, University of Rajshahi | 28/12/1968 | Zeitlinger | 5.00 | 973.3 CLA 1967 | 27/03/2014 | C-2 | Books |